| 000 | 00603nam a22002057a 4500 | ||
|---|---|---|---|
| 003 | OSt | ||
| 005 | 20140310183034.0 | ||
| 008 | 130219t xxu||||| |||| 00| 0 eng d | ||
| 020 | _a9715131875 | ||
| 050 |
_aRT 89 _b.As839 2005 |
||
| 100 | _aAsperas, Carlita M. | ||
| 245 |
_aLeadership and management in nursing : theories, concepts, principles and practices : . _cAsperas, Carlito M _b a text-workbook / |
||
| 260 |
_aManila : _bEducational, _c2005. |
||
| 300 |
_a146 p. : _c27 cm. _bill. col. ; |
||
| 521 | _aNUR | ||
| 942 |
_2lcc _cBK _kLOC |
||
| 999 |
_c18467 _d18467 |
||